| 000 | 01067nam a22003017a 4500 | ||
|---|---|---|---|
| 999 |
_c15720 _d15720 |
||
| 008 | 201110b ||||| |||| 00| 0 eng d | ||
| 020 | _a9-71915727-5 (pbk) | ||
| 082 |
_21998 _aDFil 658.15 _b P53 |
||
| 100 |
_aAragon, Bienvenido M. _942518 |
||
| 245 |
_aPhilippine corporate finance. Vol. 2/ _cBienvenido M. Aragon and 10 others |
||
| 250 | _aTextbook ed. | ||
| 260 |
_aQuezon City: _bUP College of Business Administration, Development Center for Finance, _c©1998. |
||
| 300 |
_a438; _c23 cm. |
||
| 500 | _aIncludes index. | ||
| 650 |
_aCorporations -- Philippines -- Finance. _942519 |
||
| 700 |
_aBautista, Carlos C. _942520 |
||
| 700 |
_aCamba, Josue A. Jr. _942521 |
||
| 700 |
_aCayanan, Arthur _942522 |
||
| 700 |
_aEchanis, Erlinda S. _942523 |
||
| 700 |
_aEstrella, Corazon R. _942524 |
||
| 700 |
_aIlano, Alberto R. _942525 |
||
| 700 |
_aJacinto, Ricardo N. _942526 |
||
| 700 |
_aPaglomutan, Rogelio V. _942527 |
||
| 700 |
_aSantos-Valderrama, Helena Agnes _942528 |
||
| 700 |
_aYbañez, Roy C. _942529 |
||
| 365 | _b420 | ||
| 942 |
_2ddc _cDFIL |
||